[Event "Rio Cuarto IRT"]
[Site "Rio Cuarto"]
[Date "2019.05.19"]
[Round "5.2"]
[White "Hutt, Alejandro Gabriel"]
[Black "San Martin, Daniel"]
[Result "1-0"]
[WhiteElo "2027"]
[BlackElo "1763"]
[PlyCount "98"]
[EventDate "2019.05.18"]
[EventType "swiss"]
[EventRounds "6"]
[EventCountry "ARG"]
[SourceTitle "EXT 2024"]
[Source "ChessBase"]
[SourceDate "2023.10.10"]
[SourceVersion "1"]
[SourceVersionDate "2023.10.10"]
[SourceQuality "1"]

1. e4 d6 2. d4 Nf6 3. Nc3 g6 4. h3 Bg7 5. Nf3 0-0 6. Be3 h6 7. Qd2 Kh7 8. 0-0-0 Nc6 9. g4 Ng8 10. d5 Ne5 11. Nxe5 dxe5 12. Be2 e6 13. d6 cxd6 14. Qxd6 Qxd6 15. Rxd6 f5 16. Nb5 Rf7 17. Rd8 Bf6 18. Rxc8 Rxc8 19. Nd6 Rfc7 20. Nxc8 Rxc8 21. Rd1 Rd8 22. Rxd8 Bxd8 23. Bxa7 fxe4 24. Kd2 Bg5+ 25. Be3 Nf6 26. c4 Bf4 27. b4 Kg7 28. a4 Kf7 29. a5 Ke7 30. b5 Kd6 31. c5+ Kc7 32. Bd1 Nd5 33. b6+ Kb8 34. Bxf4 exf4 35. Bc2 Nf6 36. Kc3 e5 37. Ba4 e3 38. fxe3 Nd5+ 39. Kd3 f3 40. Bb3 Nb4+ 41. Ke4 f2 42. Bc4 Nc6 43. a6 bxa6 44. Bxa6 Nb4 45. Bf1 Nc6 46. Kf3 Kb7 47. Kxf2 Nd8 48. Bg2+ Ka6 49. Bd5 Kb5 1-0